[Event "POL-ch Academic"]
[Site "Chorzow"]
[Date "2021.05.14"]
[Round "1.3"]
[White "Leniart, Arkadiusz"]
[Black "Materniak, Aleksander"]
[Result "1-0"]
[WhiteElo "2499"]
[BlackElo "1651"]
[PlyCount "37"]
[EventDate "2021.05.14"]
[EventType "swiss (rapid)"]
[EventRounds "9"]
[EventCountry "POL"]
[SourceTitle "CBM 202 Extra"]
[Source "ChessBase"]
[SourceDate "2021.07.31"]
[SourceVersion "1"]
[SourceVersionDate "2021.07.31"]
[SourceQuality "1"]

1. e4 e5 2. Nf3 Nc6 3. d4 exd4 4. Nxd4 Qf6 5. Nf3 Bc5 6. Nc3 Nge7 7. Bg5 Qg6 8. Qd2 h6 9. Bf4 d6 10. 0-0-0 a5 11. Nd5 Nxd5 12. exd5 Ne7 13. Re1 Qf6 14. h4 Bxf2 15. Rxe7+ Kxe7 16. Bg5 hxg5 17. hxg5 Qf5 18. Rxh8 Bc5 19. Qe1+ 1-0